Normal view MARC view

Entry Topical Term

Number of records used in: 1

001 - CONTROL NUMBER

  • control field: 21312

003 - CONTROL NUMBER IDENTIFIER

  • control field: OSt

005 - DATE AND TIME OF LATEST TRANSACTION

  • control field: 20210202155055.0

008 - FIXED-LENGTH DATA ELEMENTS

  • fixed length control field: 210202|| aca||aabn | a|a d

040 ## - CATALOGING SOURCE

  • Original cataloging agency: OSt
  • Transcribing agency: OSt

150 ## - HEADING--TOPICAL TERM

  • Topical term or geographic name entry element: Emale labour force participation, Women’s work, Caste, Education

670 ## - SOURCE DATA FOUND

  • Source citation: Work cat.: (OSt): Datta, Amrita. Endow, tanuka. And Mehta, Balwant Singh. 21311, Education, caste and women’s work in India

Powered by Koha